[Event "Elista"]
[Site "Elista"]
[Date "1999.??.??"]
[Round "4"]
[White "Kozak, Alexander"]
[Black "Mikuev, Erenzen"]
[Result "1-0"]
[WhiteElo "2330"]
[BlackElo "2165"]
[PlyCount "53"]
[EventDate "1999.??.??"]
[EventType "tourn"]
[EventRounds "8"]
[EventCountry "RUS"]
[SourceTitle "EXT 2000"]
[Source "ChessBase"]
[SourceDate "1999.11.16"]
[SourceVersion "1"]
[SourceVersionDate "1999.11.16"]
[SourceQuality "1"]

1. f4 Nf6 2. Nf3 c5 3. b3 d6 4. Bb2 Bg4 5. e3 Qc8 6. Be2 Nbd7 7. h3 Bxf3 8. Bxf3 g6 9. 0-0 Bg7 10. c4 0-0 11. Qc2 e5 12. f5 Re8 13. Nc3 Nf8 14. Ne4 Nxe4 15. Bxe4 Rb8 16. Bd5 g5 17. f6 Bh8 18. Rf5 h6 19. Raf1 Re6 20. h4 Nh7 21. hxg5 hxg5 22. d4 exd4 23. exd4 Kf8 24. Bxe6 fxe6 25. Rxc5 Qd7 26. Ra5 b6 27. f7 1-0